| 000 | 005400000a22001810004500 | ||
|---|---|---|---|
| 003 | MACL | ||
| 005 | 20160320150942.0 | ||
| 008 | 160320b xxu||||| |||| 00| 0 eng d | ||
| 040 |
_aMACL _cMACL |
||
| 041 | _aHindi | ||
| 082 | _a070 | ||
| 100 |
_aडॉ रामबक्ष _947801 |
||
| 245 | _aसतयुग में मीडिया | ||
| 260 |
_bराजस्थानी ग्रन्थागार _c2005 _aजोधपुर |
||
| 350 | _a100 | ||
| 650 |
_aNews Media Journalism _9338 |
||
| 942 |
_cHIN _k070 _2ddc |
||
| 999 |
_c18957 _d18957 |
||